Sales Promotion Essentials : The 10 Basic Sales Promotion Techniques___ and How to Use Them /

En esta obra el autor plantea doce técnicas de promoción de ventas y explica cómo se utilizan. Entre otras aborda: cupones, concursos o sorteos, envases de oferta, sellos y planes continuos, descuentos, envases con premios incluidos, adheridos y externos, premios gratuitos por correo, premios automo...

Πλήρης περιγραφή

Αποθηκεύτηκε σε:
Λεπτομέρειες βιβλιογραφικής εγγραφής
Κύριος συγγραφέας: Schultz, Don E. (autor)
Άλλοι συγγραφείς: Robinson, William A. (autor) (autor), Petrison, Lisa A. (autor) (autor)
Μορφή: Βιβλίο
Γλώσσα:Αγγλικά
Έκδοση: Chicago, EUA : NTC, 1996, c1996
Έκδοση:2a edición
Θέματα:
Ετικέτες: Προσθήκη ετικέτας
Δεν υπάρχουν, Καταχωρήστε ετικέτα πρώτοι!

MARC

LEADER 00000nam^a2200000^a^4500
001 000175051
005 20250521000000.0
009 20260310101550.774
020 |a 0-8442-3367-6 
037 |a Acervo ITESO - Biblioteca 
041 |a ING 
082 |a 658. 82  |b SCH 
100 |a Schultz, Don E.  |e (autor) 
240 1 1 |a [Cómo promover sus ventas] 
245 1 0 |a Sales Promotion Essentials :  |b The 10 Basic Sales Promotion Techniques___ and How to Use Them /  |c D.E. Schultz, W.A. Robinson, L.A. Petrison ; pról. de Dennis Lahey. 
250 |a 2a edición 
264 4 |a Chicago, EUA :  |b NTC,  |c 1996, c1996 
300 |a VII, 197 p. 
336 |a texto  |b txt  |2 rdacontenido 
337 |a sin mediación  |b n  |2 rdamedio 
338 |a volumen  |b nc  |2 rdasoporte 
520 |a En esta obra el autor plantea doce técnicas de promoción de ventas y explica cómo se utilizan. Entre otras aborda: cupones, concursos o sorteos, envases de oferta, sellos y planes continuos, descuentos, envases con premios incluidos, adheridos y externos, premios gratuitos por correo, premios automortizables, ofertas de reembolso, cupones comerciales, concesiones comerciales, y muestras. 
649 |a XX 
650 |a Ventas -  |x Tema Principal 
650 |a Clientes 
650 |a Consumidores 
650 |a Persuasión del Consumidor 
650 |a Promoción del Servicio 
650 |a Promoción del Producto 
650 |a Distribución del Producto 
650 |a Mezcla de Mercadotecnia 
650 |a Comportamiento del Consumidor 
650 |a Investigación de Mercado 
650 |a Estrategia Mercadotécnica 
650 |a Mercadotecnia 
700 |a Robinson, William A.  |e (autor) 
700 |a Petrison, Lisa A.  |e (autor) 
910 |a Fondo General 
920 |a Impresos - Libros 
930 |a Colección General 
905 |a 101 
901 |a 0500112826  |b IT1  |c ACC  |u 20250521 
902 |a https://opac.biblio.iteso.mx/vufind/Record/000175051